Vides entre dictadures : les fotografies de Rossend Torras / les fotografies de Rossend Torras /
ISBN:
9788410144316
Descripción Física:
309 pàgines : principalment il·lustrat ; 23 x 25 cm
Materias:
Torras, Rossend, -- 1907-1996.
; Fotografia documental -- Catalunya.
; Usos i costums.
; Dictadura de Primo de Rivera, 1923-1930.
; Fotografia documental
; Història
; Catalunya -- Història -- 1923-1930, Dictadura de Primo de Rivera -- Llibres de làmines.
; Catalunya -- Història -- 1931-1939, Segona República Espanyola -- Llibres de làmines.
; Catalunya -- Història -- 1939-1955 -- Llibres de làmines.
; Catalunya -- Vida social i costums -- S. XX -- Llibres de làmines.
; Catalunya
; Llibres de làmines
Idioma:
Catalán
MARC
| LEADER | 00000nam a22000008i 4500 | ||
|---|---|---|---|
| 001 | 28535 | ||
| 003 | AGDB | ||
| 005 | 20260324181525.0 | ||
| 008 | 240212s2024 spcaco|g 000 0dcat| | ||
| 017 | |a B 4377-2024 |b Biblioteca de Catalunya | ||
| 020 | |a 9788410144316 | ||
| 040 | |a ES-BaBC |b cat |e rda |c ES-BaBC | ||
| 043 | |a e-sp--- |b e-spc-- |2 catmarc | ||
| 080 | |a 77.03Torras, Rossend |2 2004 | ||
| 080 | |a 94 |x (460.23) |x "1929/1939" |x (084.12) |2 2004 | ||
| 080 | |a 39 |x (460.23) |x "19" |x (084.12) |2 2004 | ||
| 100 | 1 | |a Torras, Rossend, |d 1907-1996, |e fotògraf | |
| 240 | 1 | 0 | |a Fotografies. |k Seleccions |
| 245 | 1 | 0 | |a Vides entre dictadures : |b les fotografies de Rossend Torras / |c [text de presentació : Francesc Vilanova i Vila-Abadal ; documentació i assessorament fotogràfic : Enric Comas Parer ; documentació biogràfica i fotogràfica : Ricard Marco] |
| 246 | 1 | 0 | |a Fotografies de Rossend Torras |
| 264 | 1 | |a Barcelona : |b Memorial Democràtic ; |c [2024] | |
| 300 | |a 309 pàgines : |b principalment il·lustrat ; |c 23 x 25 cm | ||
| 336 | |a text |b txt |2 rdacontent | ||
| 336 | |a imatge fixa |b sti |2 rdacontent | ||
| 337 | |a sense mediació |b n |2 rdamedia | ||
| 338 | |a volum |b nc |2 rdacarrier | ||
| 600 | 1 | 7 | |a Torras, Rossend, |d 1907-1996. |2 lemac |
| 600 | 1 | 7 | |a Torras, Rossend, |d 1907-1996. |2 cantic |
| 650 | 7 | |a Fotografia documental |z Catalunya. |2 lemac | |
| 650 | 7 | |a Usos i costums. |2 thub |9 33824 | |
| 650 | 7 | |a Dictadura de Primo de Rivera, 1923-1930. |2 thub | |
| 650 | 7 | |a Fotografia documental |2 thub |9 69756 | |
| 650 | 7 | |a Història |2 thub |9 34449 | |
| 651 | 7 | |a Catalunya |x Història |y 1923-1930, Dictadura de Primo de Rivera |v Llibres de làmines. |2 lemac | |
| 651 | 7 | |a Catalunya |x Història |y 1931-1939, Segona República Espanyola |v Llibres de làmines. |2 lemac | |
| 651 | 7 | |a Catalunya |x Història |y 1939-1955 |v Llibres de làmines. |2 lemac | |
| 651 | 7 | |a Catalunya |z Vida social i costums |y S. XX |v Llibres de làmines. |2 lemac | |
| 651 | 7 | |a Catalunya |2 thub |9 51009 | |
| 655 | 7 | |a Llibres de làmines |2 thub |9 69814 | |
| 700 | 1 | |a Vilanova, Francesc, |e escriptor de contingut textual suplementari |9 37678 | |
| 700 | 1 | |a Comas i Parer, Enric, |e editor literari | |
| 700 | 1 | |a Marco, Ricard, |e editor literari | |
| 710 | 2 | |a Memorial Democràtic (Catalunya), |e entitat editora |9 52410 | |
| 908 | |a BMON |a BPC |a ANC |a AHCB |a BAB |a CLR |a UAB |a UB |a UPF | ||
| 942 | |2 udc |c ARXIU |n 1 | ||
| 952 | |0 0 |1 0 |4 0 |6 BIB1183 |7 1 |9 97040 |a Arxiu |b Arxiu |d 2024-05-13 |l 0 |o Bib-1183 |p 28535 |r 2024-05-13 00:00:00 |w 2024-05-13 |y ARXIU | ||
| 952 | |0 0 |1 0 |4 0 |6 BIB1329 |7 1 |9 98242 |a Arxiu |b Arxiu |d 2025-07-02 |l 0 |o Bib-1329 |p 28935 |r 2025-07-02 00:00:00 |w 2025-07-02 |y ARXIU |z Obsequi de la família de Rossend Torras (20/05/2025) |x Obsequi de la família de Rossend Torras (Francesc Sans i Isabel Torras) en la visita a l'AGDB del 20/05/2025. | ||
| 999 | |c 128873 |d 128873 | ||